000 01059nam a22003857a 4500
001 BR9301758
003 BR-BrBNA
005 20230928093929.0
007 ta
008 230509b bl.||||| |||| 00| 0 por d
040 _aBR-BrBNA
_bpor
_cBiblioteca Nacional de Agricultura
041 _a(Por)
072 _aF01; Q02; J11
_b2110
090 _ 2110 BR9301758
100 1 _aGramacho, I. da C.P.
100 1 _aMagno, A.E. de S.
100 1 _aMandarino, E.P.
100 1 _aMatos, A.
110 1 _aComissao Executiva do Plano da Lavoura Cacaueira, Itabuna, BA (Brasil)
_92120
245 1 _aCultivo e beneficiamento do cacau na Bahia
260 3 _aItabuna, BA (Brasil):
_c1992.
300 _a124 p.
500 _a34 tables; 43 illus.; 45 ref.
650 _aCacau
650 _aPratica Cultural
650 _aAdubacao
650 _aCalagem
650 _aDoenca de Planta
650 _aPraga de Planta
650 _aBeneficiamento
650 _aArmazenamento
650 _aBahia
909 _a202309
_bLucia
_c55
_dLucia Elande
942 _cBK
999 _c47965
_d47965